BRB (Residuary) Ltd v South Yorkshire Passenger Transport Executive (Record no. 73413)
[ view plain ]
| 000 -LEADER | |
|---|---|
| fixed length control field | 01277cam a2200181 4500 |
| 001 - CONTROL NUMBER | |
| control field | LT123622 |
| 008 - FIXED-LENGTH DATA ELEMENTS--GENERAL INFORMATION | |
| fixed length control field | 030916n2001 000 0 eng u |
| 035 ## - SYSTEM CONTROL NUMBER | |
| System control number | (Sirsi) u123622 |
| 245 ## - TITLE STATEMENT | |
| Title | BRB (Residuary) Ltd v South Yorkshire Passenger Transport Executive |
| Medium | [electronic resource] |
| 260 ## - PUBLICATION, DISTRIBUTION, ETC. | |
| Date of publication, distribution, etc. | 2001 |
| 520 ## - SUMMARY, ETC. | |
| Summary, etc. | ACQ/32/1997 27 September 2001. Claimant B sought compensation for land, forming part of former railway line. Valuation date was 5 August 1991. B produced two valuations, 1) on the basis that retail values applied to northern section of land and 2)on the basis of B1 business value uses. "Held" that the compensation payable by S to B was £277 250. |
| 650 ## - SUBJECT ADDED ENTRY--TOPICAL TERM | |
| Topical term or geographic name entry element | BRB (RESIDUARY) LIMITED V SOUTH YORKSHIRE PASSENGER TRANSPORT EXECUTIVE |
| 650 ## - SUBJECT ADDED ENTRY--TOPICAL TERM | |
| Topical term or geographic name entry element | RANSOM VALUE |
| 650 ## - SUBJECT ADDED ENTRY--TOPICAL TERM | |
| Topical term or geographic name entry element | COMPENSATION |
| 690 ## - LOCAL SUBJECT ADDED ENTRY--TOPICAL TERM (OCLC, RLIN) | |
| Topical term or geographic name as entry element | ENVIRONMENTAL AND LAND CONSULTANCY-PLANNING AND DEVELOPMENT-COMPULSORY PURCHASE AND COMPENSATION |
| 856 ## - ELECTRONIC LOCATION AND ACCESS | |
| Uniform Resource Identifier | <a href="https://www.bailii.org/cgi-bin/markup.cgi?doc=/ew/cases/EWLands/2001/ACQ_32_1997.html&query=title+(+BRB+)+and+title+(+(Residuary)+)+and+title+(+Ltd+)+and+title+(+v+)+and+title+(+South+)+and+title+(+Yorkshire+)+and+title+(+Passenger+)+and+title+(+Transport+)+and+title+(+Executive+)&method=boolean">https://www.bailii.org/cgi-bin/markup.cgi?doc=/ew/cases/EWLands/2001/ACQ_32_1997.html&query=title+(+BRB+)+and+title+(+(Residuary)+)+and+title+(+Ltd+)+and+title+(+v+)+and+title+(+South+)+and+title+(+Yorkshire+)+and+title+(+Passenger+)+and+title+(+Transport+)+and+title+(+Executive+)&method=boolean</a> |
| Public note | View decision at www.bailii.org |
| 942 ## - ADDED ENTRY ELEMENTS (KOHA) | |
| Suppress in OPAC | 0 |
| Withdrawn status | Lost status | Source of classification or shelving scheme | Damaged status | Not for loan | Home library | Current library | Shelving location | Date acquired | Total Checkouts | Full call number | Barcode | Date last seen | Copy number | Price effective from | Koha item type |
|---|---|---|---|---|---|---|---|---|---|---|---|---|---|---|---|
| Dewey Decimal Classification | Virtual | Virtual | Online | 16/09/2003 | ONLINE PUBLICATION | 123622-2001 | 06/08/2019 | 1 | 06/08/2019 | Law report |